Các món ăn thông dụng : (230 món ăn hướng dẫn trên đài truyền hình HTV)
محفوظ في:
| المؤلف الرئيسي: | |
|---|---|
| التنسيق: | كتاب |
| اللغة: | Undetermined |
| منشور في: |
Thành phố Hồ Chí Minh
Trẻ
2005
|
| الموضوعات: | |
| الوسوم: |
إضافة وسم
لا توجد وسوم, كن أول من يضع وسما على هذه التسجيلة!
|
| Thư viện lưu trữ: | Trung tâm Học liệu Trường Đại học Cần Thơ |
|---|
| LEADER | 00637nam a2200205Ia 4500 | ||
|---|---|---|---|
| 001 | CTU_96939 | ||
| 008 | 210402s9999 xx 000 0 und d | ||
| 020 | |c 43000 | ||
| 082 | |a 641.5 | ||
| 082 | |b V121 | ||
| 100 | |a Nguyễn, Dzoãn Cẩm Vân | ||
| 245 | 0 | |a Các món ăn thông dụng : | |
| 245 | 0 | |b (230 món ăn hướng dẫn trên đài truyền hình HTV) | |
| 245 | 0 | |c Nguyễn Dzoãn Cẩm Vân | |
| 260 | |a Thành phố Hồ Chí Minh | ||
| 260 | |b Trẻ | ||
| 260 | |c 2005 | ||
| 650 | |a Cookery, Vietnamese | ||
| 904 | |i Minh | ||
| 980 | |a Trung tâm Học liệu Trường Đại học Cần Thơ | ||